Etica femminista : trasformazioni della coscienza e famiglia post-patriarcale /

E' difficilmente negabile che l'etica occidentale sia stata costruita da un punto di vista maschile ed elaborata nei secoli sulla base di postulati e concetti non-neutrali rispetto al sesso. Da un punto di vista femminista, l'etica deve essere trasformata per tener conto dell'esperienza delle donne....

Descrición completa

Gardado en:
Detalles Bibliográficos
Autor Principal: Held, Virginia (Author)
Outros autores: Cornalba, Lucia (Translator)
Formato: Libro
Idioma:Lingua italiana
Publicado: Milano : Feltrinelli, 1997
Series:Campi del sapere
Subjects:
Tags: Engadir etiqueta
Sen Etiquetas, Sexa o primeiro en etiquetar este rexistro!

MARC

LEADER 00000nam a22000007i 4500
001 IT\ICCU\TO0\0553239
003 ItRI
005 20260115231856.0
008 970222s1997 it |||||| ||||| |||||c
020 |a 8807102153 
040 |b ita  |c importazione bologna sebina 
041 7 |a ita  |2 ISO-639-2 
082 |a 305.42  |9 DONNE. Ruolo sociale e condizione  |2 20 
100 1 |a Held, Virginia  |0 IT\ICCU\MILV\015163  |4 aut 
240 1 0 |a Feminist morality  |3 IT\ICCU\TO0\0553240  |9 Held, Virginia 
245 1 0 |a Etica femminista :  |b trasformazioni della coscienza e famiglia post-patriarcale /  |c Virginia Held ; traduzione di Lucia Cornalba. 
260 |a Milano :  |b Feltrinelli,  |c 1997 
300 |a 305 p. ;  |c 22 cm. 
520 |a E' difficilmente negabile che l'etica occidentale sia stata costruita da un punto di vista maschile ed elaborata nei secoli sulla base di postulati e concetti non-neutrali rispetto al sesso. Da un punto di vista femminista, l'etica deve essere trasformata per tener conto dell'esperienza delle donne. L'autrice chiarisce come le teorie morali basate sull'imparzialità razionale hanno peccato nel supporre che legami e interazioni familiari non siano argomenti morali. E qui ripropone alcuni esempi. Il libro tocca temi della vita privata ma anche della vita pubblica e di filosofia politica. 
650 7 |a Femminismo 
650 7 |a Morale 
700 1 |a Cornalba, Lucia  |0 IT\ICCU\SBLV\098571  |4 trl 
830 0 |a Campi del sapere  |0 IT\ICCU\CFI\0001750 
942 |2 ddc  |c BK  |n 0 
952 |0 0  |1 0  |4 0  |6 DOC_322_420000000000000_HEL  |7 0  |9 14974  |a BO  |b BO  |d 2026-01-15  |i 3763  |l 0  |o DOC 322.42 HEL  |p BO3763  |r 2026-01-15 23:18:56  |w 2026-01-15  |x [Sebina 5] [1 v.]  |y BK  |z 1 v. 
999 |c 12891  |d 12891